三文字の名字人口ベスト30 - Statistics

General Stats
  • This quiz has been taken 2,758 times
  • The average score is 16 of 30
Answer Stats
順位 頭文字 解答欄 % Correct
1 ささ 佐々木
99%
2 はせ 長谷川
99%
4 くぼ 久保田
97%
3 いが 五十嵐
90%
9 うさ 宇佐美
85%
10 はせ 長谷部
81%
6 おの 小野寺
80%
11 おの 小野田
76%
8 おが 小笠原
72%
7 さく 佐久間
70%
5 おお 大久保
68%
17 うだ 宇田川
65%
15 えび 海老原
61%
18 うつ 宇都宮
60%
19 ひび 日比野
57%
12 あく 阿久津
50%
13 こく 小久保
49%
25 こみ 小宮山
47%
20 くさ 日下部
43%
16 はた 波多野
39%
21 しょ 東海林
32%
23 おや 小山田
29%
22 おお 大河原
26%
29 たけ 竹之内
23%
27 おさ 小山内
22%
14 おお 大和田
17%
26 おだ 小田島
16%
30 おお 大河内
16%
24 なか 仲宗根
5%
28 おお 大須賀
3%
No matching quizzes found
Score Distribution
Percent of People with Each Score
Percentile by Number Answered
Your Score History
You have not taken this quiz